[Event "GRE-chT 40th"]
[Site "Achaia"]
[Date "2012.07.01"]
[Round "2.6"]
[White "Papadopoulos, Nikolaos"]
[Black "Gavrilakis, Nikolaos"]
[Result "1/2-1/2"]
[WhiteElo "2138"]
[BlackElo "2406"]
[PlyCount "60"]
[EventDate "2012.06.30"]
[EventType "team-swiss"]
[EventRounds "7"]
[EventCountry "GRE"]
[SourceTitle "CBM 149 Extra"]
[Source "ChessBase"]
[SourceDate "2012.08.24"]
[SourceVersion "1"]
[SourceVersionDate "2012.08.24"]
[SourceQuality "1"]
[WhiteTeam "Von Heraklion Contact"]
[BlackTeam "Corinth Argonaftis REC"]
[WhiteTeamCountry "GRE"]
[BlackTeamCountry "GRE"]

1. c4 e5 2. Nc3 Nc6 3. g3 g6 4. Bg2 Bg7 5. Rb1 a5 6. a3 d6 7. d3 Nf6 8. e3 0-0 9. Nge2 Be6 10. Nd5 Qd7 11. 0-0 Bh3 12. e4 Nxd5 13. cxd5 Bxg2 14. Kxg2 Ne7 15. Be3 f5 16. h3 Kh8 17. b4 axb4 18. axb4 Ng8 19. Qc2 Nf6 20. b5 Rf7 21. Rb4 Raf8 22. Rc4 Ne8 23. f4 fxe4 24. dxe4 b6 25. Qb3 h5 26. Rcc1 Qe7 27. Qd3 Kg8 28. Rce1 Qd7 29. Bd2 Qe7 30. Be3 Qd7 1/2-1/2

[Event "GRE Cup 30th"]
[Site "Achaia"]
[Date "2012.06.28"]
[Round "1.3"]
[White "Gavrilakis, Nikolaos"]
[Black "Pavlidis, Anastasios"]
[Result "1-0"]
[WhiteElo "2406"]
[BlackElo "2360"]
[PlyCount "109"]
[EventDate "2012.06.28"]
[EventType "team-k.o."]
[EventRounds "2"]
[EventCountry "GRE"]
[SourceTitle "CBM 149 Extra"]
[Source "ChessBase"]
[SourceDate "2012.08.24"]
[SourceVersion "1"]
[SourceVersionDate "2012.08.24"]
[SourceQuality "1"]
[WhiteTeam "Corinth Argonaftis PM"]
[BlackTeam "Kavalas"]
[WhiteTeamCountry "GRE"]
[BlackTeamCountry "GRE"]

1. e4 c5 2. Nf3 Nc6 3. Bb5 Qc7 4. 0-0 Nf6 5. Qe2 a6 6. Bxc6 dxc6 7. d3 e5 8. Nbd2 Bg4 9. Qe3 Nd7 10. a4 Be7 11. a5 0-0-0 12. Nc4 h5 13. h3 Be6 14. Bd2 Rdg8 15. Ng5 Bxc4 16. dxc4 f6 17. Nf3 g5 18. Kh2 Nf8 19. g3 Ng6 20. Ng1 Qd7 21. Rfd1 Qe6 22. b3 f5 23. exf5 Qxf5 24. Qf3 Qe6 25. Qe4 g4 26. h4 Rf8 27. Be3 Rf7 28. Rd2 Rhf8 29. Rad1 Bxh4 30. gxh4 Nxh4 31. Rd6 Qe7 32. Rd7 Qe6 33. Rxf7 Rxf7 34. Qd3 Qf6 35. Qd6 Qxd6 36. Rxd6 Nf5 37. Rd2 Nd4 38. b4 cxb4 39. Bxd4 exd4 40. Kg3 c5 41. Kh4 Rf5 42. Kg3 b6 43. axb6 a5 44. Re2 Kb7 45. Re6 a4 46. Ne2 Rf3+ 47. Kg2 a3 48. Ng3 a2 49. Ne4 Rf5 50. Nd6+ Ka6 51. b7 Rf8 52. Re1 d3 53. Ra1 d2 54. Rxa2+ Kb6 55. Ra8 1-0

[Event "GRE Cup 30th"]
[Site "Achaia"]
[Date "2012.06.28"]
[Round "1.2"]
[White "Pavlidis, Anastasios"]
[Black "Gavrilakis, Nikolaos"]
[Result "1-0"]
[WhiteElo "2360"]
[BlackElo "2406"]
[PlyCount "73"]
[EventDate "2012.06.28"]
[EventType "team-k.o."]
[EventRounds "2"]
[EventCountry "GRE"]
[SourceTitle "CBM 149 Extra"]
[Source "ChessBase"]
[SourceDate "2012.08.24"]
[SourceVersion "1"]
[SourceVersionDate "2012.08.24"]
[SourceQuality "1"]
[WhiteTeam "Kavalas"]
[BlackTeam "Corinth Argonaftis PM"]
[WhiteTeamCountry "GRE"]
[BlackTeamCountry "GRE"]

1. e4 e5 2. Nf3 Nc6 3. Bb5 a6 4. Ba4 Nge7 5. 0-0 g6 6. c3 Bg7 7. d4 exd4 8. cxd4 b5 9. Bb3 0-0 10. Nc3 d6 11. h3 Na5 12. Bc2 Bb7 13. b3 c5 14. Be3 Rc8 15. Ne2 cxd4 16. Bxd4 Nec6 17. Bxg7 Kxg7 18. Qd2 Qb6 19. Rad1 Rfd8 20. Bb1 Ne5 21. Qb2 Re8 22. Nfd4 Nac6 23. Kh1 f6 24. Nc2 Nf7 25. Ne3 Nce5 26. Nf4 Qd8 27. Nfd5 Nd7 28. f4 Nb6 29. Nxb6 Qxb6 30. Ng4 Qd8 31. e5 fxe5 32. fxe5 Nxe5 33. Rf6 Rc5 34. Rfxd6 Qg5 35. Rd7+ Re7 36. Rxe7+ Qxe7 37. Re1 1-0

[Event "GRE CupT"]
[Site "Aigio"]
[Date "2011.06.19"]
[Round "1"]
[White "Tzolas, Georgios"]
[Black "Gavrilakis, Nikolaos"]
[Result "0-1"]
[WhiteElo "2048"]
[BlackElo "2410"]
[PlyCount "48"]
[EventDate "2011.06.19"]
[EventType "match"]
[EventRounds "1"]
[EventCountry "GRE"]
[SourceTitle "EXT 2012"]
[Source "ChessBase"]
[SourceDate "2011.11.24"]
[SourceVersion "1"]
[SourceVersionDate "2011.11.24"]
[SourceQuality "1"]

1. e4 e5 2. Nf3 Nc6 3. Bc4 Bc5 4. b4 Bxb4 5. c3 Be7 6. d4 Na5 7. Be2 d6 8. Qa4+ c6 9. h3 Nf6 10. Nbd2 0-0 11. Ba3 b5 12. Qc2 exd4 13. cxd4 d5 14. Bxe7 Qxe7 15. e5 Nh5 16. Bd3 g6 17. 0-0 Nc4 18. Nb3 Nf4 19. Rfe1 f6 20. Nc5 fxe5 21. Bxc4 bxc4 22. Rxe5 Qf6 23. Nh2 Bf5 24. Qd2 Qg5 0-1

[Event "GRE-chT 37th"]
[Site "Kallithea"]
[Date "2009.07.08"]
[Round "8"]
[White "Pavlidis, Anastasios"]
[Black "Gavrilakis, Nikolaos"]
[Result "0-1"]
[WhiteElo "2348"]
[BlackElo "2412"]
[PlyCount "62"]
[EventDate "2009.07.03"]
[EventType "team-tourn"]
[EventRounds "9"]
[EventCountry "GRE"]
[SourceTitle "CBM 131 Extra"]
[Source "ChessBase"]
[SourceDate "2009.09.03"]
[SourceVersion "2"]
[SourceVersionDate "2009.09.16"]
[SourceQuality "1"]

1. e4 e5 2. Nf3 Nc6 3. Bb5 a6 4. Ba4 Nf6 5. 0-0 b5 6. Bb3 Bc5 7. c3 d6 8. d4 Bb6 9. a4 Rb8 10. Na3 0-0 11. axb5 axb5 12. Nxb5 Bg4 13. Bc2 Qc8 14. d5 Ne7 15. Qd3 Nexd5 16. exd5 e4 17. Qc4 exf3 18. Nd4 fxg2 19. Re1 Bd7 20. b4 Ra8 21. Rxa8 Qxa8 22. Bf5 Re8 23. Rxe8+ Bxe8 24. Bg5 Qxd5 25. Qd3 Nh5 26. Qe2 Qe5 27. Qxh5 g6 28. Qh6 Bxd4 29. cxd4 Qxf5 30. Be7 Qb1+ 31. Kxg2 Qe4+ 0-1

[Event "GRE-chT 37th"]
[Site "Kallithea"]
[Date "2009.07.05"]
[Round "3"]
[White "Parginos, Vassilios"]
[Black "Gavrilakis, Nikolaos"]
[Result "0-1"]
[WhiteElo "2196"]
[BlackElo "2412"]
[PlyCount "106"]
[EventDate "2009.07.03"]
[EventType "team-tourn"]
[EventRounds "9"]
[EventCountry "GRE"]
[SourceTitle "CBM 131 Extra"]
[Source "ChessBase"]
[SourceDate "2009.09.03"]
[SourceVersion "2"]
[SourceVersionDate "2009.09.16"]
[SourceQuality "1"]

1. d4 g6 2. c4 Bg7 3. Nc3 c5 4. d5 Bxc3+ 5. bxc3 f5 6. e4 fxe4 7. f3 e5 8. h4 Nf6 9. Bh6 d6 10. fxe4 Ng4 11. Bg5 Qa5 12. Qd2 h6 13. Be3 Nd7 14. Ne2 Ndf6 15. Ng3 Nxe3 16. Qxe3 Ng4 17. Qd2 0-0 18. Be2 Kg7 19. Bf3 Bd7 20. h5 g5 21. 0-0 Nf6 22. Be2 Rf7 23. Qe3 Raf8 24. Rf5 Ng8 25. Bg4 Bxf5 26. Bxf5 Ne7 27. Kh2 Nxf5 28. exf5 Qd8 29. Qe4 Qd7 30. Rf1 Rf6 31. Kh3 Kf7 32. Kg4 Qa4 33. Qe2 b5 34. Ne4 Rb8 35. Rb1 b4 36. Rb2 a5 37. Qd3 Rb6 38. cxb4 Rxb4 39. Rxb4 Qxb4 40. a3 Qb2 41. g3 Ke7 42. Qe3 Qc2 43. Qe1 Qxc4 44. Qb1 Qxd5 45. Nc3 Qc4+ 46. Kh3 g4+ 47. Kh4 Qxc3 48. Qb7+ Kf8 49. Qc8+ Kg7 50. a4 Qb3 51. Qd7+ Qf7 52. Qc8 Qe7 53. Kxg4 Rf8 0-1